LEADER 01909nam a2200313 i 4500 001 000000213259 003 CaOOAMICUS 005 20220711151936.0 008 120517s1811 it u000 u lat u 013 $a192114 026 $ae-as i.e, s:t. ExPl (3) 1811 (R) 040 $aSeMil$bita 100 0 $aPhaedrus,$d<15 a.C. - 50 d.C.>.$0(OLS)http://semarc/name/38123 245 10$aIuli Phaedri aug. lib. Fabulae ineditae 32. quas in codice Perottino Biblioth. Regiae Neap primus invenit descripsit edidit Ioannes Antonius Cassittus .. 250 $aEditio tertia. 260 $aNeapoli :$bEx officina Monitoris Utr. Siciliae,$c1811. 300 $a75, [1], 92, 107, [1] p., [2] carte di tav. :$bill., ritr. ;$c8°. 500 $aCors. ; rom. 500 $aContiene a p. 31 della prima sequenza: Parafrasi in vario metro italiano delle nuove favole di Fedro trovate da Gio. Ant. Cassitto da lui stesso eseguita; p. 1-92: Mantisa in qua habentur I. Emendationes novissimae in Phaedrum Cassittianum. ...; p. 1-107: Cassitti parva scholia in XXXII fabulas Phaedri nova 500 $aSegn.: [a]8 b-d8 e6, [a]8 b-e8 f6, a-e8 f4 g10 650 4$aFavole latine.$0(OLS)http://semarc/subject/52633 650 4$aFedro <15 a.C.-50 d.C.> . Fabulae.$0(OLS)http://semarc/subject/37099 700 1 $aCassitto, Giovanni Antonio,$d<1763-1822>.$0(OLS)http://semarc/name/75969 710 2 $aMonitore delle Due Sicilie$c.$0(OLS)http://semarc/name/75970 850 $aSeMil 852 $aSeMil$W1$xVenegono$y1$m1Y II 101 FA$j163689$B163689$CSeMilBibl$Z2$F174759 $8I 996 $6245$aIuli Phaedri aug. lib. Fabulae ineditae 32. quas in codice Perottino Biblioth. Regiae Neap primus invenit descripsit edidit Ioannes Antonius Cassittus ..$9(OLS)http://semarc/title/307519 996 $6260$aNeapoli :$bEx officina Monitoris Utr. Siciliae$9(OLS)http://semarc/publisher/52744 LEADER 01196nam a2200241 i 4500 001 000000236870 003 CaOOAMICUS 005 20230505093433.0 008 141212s1755 it u000 u lat u 026 $alio- u-e- geus "sca (3) 1755 (R) 040 $aSeMil$bita 100 1 $aMamachi, Tommaso Maria,$d<1713-1792>.$0(OLS)http://semarc/name/14001 245 10$aTomus 5. Pars 1. 300 $aXXX, [2], 610, [2] p., [3] carte di tav. ripieg. :$bill. calcogr. 500 $aSegn.: [a]-d4 A-4F4 4G6. 500 $aRitr. calcogr. di Ferdinando Davila, sottoscritto da Secundus Deangelis. 700 1 $aDe Angelis, Secondo .$0(OLS)http://semarc/name/80826 773 0 $aMamachi, Tommaso Maria <1713-1792>$tFr. Thomae Mariae Mamachii ord. praed. theologi casanatensis Originum et antiquitatum christianarum libri 20. Tomus 1. [-5. pars 1.].$dRomae : In typographio Palladis excudebant Nicolaus et Marcus Palearini, 1749-1755.$g5$w()30448 850 $aSeMil 852 $aSeMil$W1$xVenegono$y1$m3A V 58 FA$j187216$B187216$CSeMilBibl$Z2$F198071 $8I 961 $aRecupero: Branca 996 $6245$aTomus 5. Pars 1$9(OLS)http://semarc/title/310798